| Tag |
First Indicator |
Second Indicator |
Subfields |
| LEADER |
00000cam a22000004a 4500 |
| 001 |
in00002440413 |
| 008 |
080507s2008 dcua b f000 0 eng c |
| 005 |
20230331150342.0 |
| 010 |
|
|
|a 2008377205
|
| 020 |
|
|
|a 9780160808500
|
| 020 |
|
|
|a 0160808502
|
| 035 |
|
|
|a (OCoLC)ocn226964897
|
| 035 |
|
|
|a in00002440413
|
| 040 |
|
|
|a SEN
|c SEN
|d DLC
|d GPO
|d BTCTA
|d GPO
|d MvI
|d UtOrBLW
|
| 042 |
|
|
|a pcc
|
| 043 |
|
|
|a n-us---
|
| 049 |
|
|
|a FedD
|a FedW
|
| 074 |
|
|
|a 1037-B
|
| 074 |
|
|
|a 1037-B (online)
|
| 074 |
|
|
|a 1037-C (MF)
|
| 074 |
|
|
|a 1037-C (online)
|
| 086 |
0 |
|
|a Y 4.G 74/9:S.HRG.110-309
|
| 110 |
1 |
|
|a United States.
|b Congress.
|b Senate.
|b Committee on Homeland Security and Governmental Affairs.
|b Permanent Subcommittee on Investigations.
|
| 245 |
1 |
0 |
|a Medicaid providers that cheat on their taxes and what should be done about it :
|b hearing before the Permanent Subcommittee on Investigations of the Committee on Homeland Security and Governmental Affairs, United States Senate, One Hundred Tenth Congress, first session, November 14, 2007.
|
| 264 |
|
1 |
|a Washington :
|b U.S. G.P.O. :
|c 2008.
|
| 264 |
|
2 |
|a Washington :
|b For sale by the Supt. of Docs., U.S. G.P.O.,
|
| 300 |
|
|
|a iii, 119 pages :
|b illustrations ;
|c 24 cm.
|
| 336 |
|
|
|a text
|b txt
|2 rdacontent
|
| 337 |
|
|
|a unmediated
|b n
|2 rdamedia
|
| 338 |
|
|
|a volume
|b nc
|2 rdacarrier
|
| 490 |
1 |
|
|a S. hrg. ;
|v 110-309
|
| 500 |
|
|
|a Distributed to some depository libraries in microfiche.
|
| 500 |
|
|
|a Shipping list number: 2008-0435-P.
|
| 504 |
|
|
|a Includes bibliographical references.
|
| 530 |
|
|
|a Also available via Internet from the GPO Access web site. Address as of 5/2/08: http://frwebgate.access.gpo.gov/cgi-bin/getdoc.cgi?dbname=110%5Fsenate%5Fhearings&docid=f:38991.pdf ; current access is available via PURL.
|
| 610 |
2 |
0 |
|a Centers for Medicare & Medicaid Services (U.S.)
|v Rules and practice.
|
| 650 |
|
0 |
|a Medicaid.
|
| 650 |
|
0 |
|a Taxpayer compliance
|z United States.
|
| 650 |
|
0 |
|a Medical claims processing industry
|x Corrupt practices
|z United States.
|
| 810 |
1 |
|
|a United States.
|b Congress.
|b Senate.
|t S. hrg. ;
|v 110-309.
|
| 856 |
4 |
1 |
|u https://purl.fdlp.gov/GPO/LPS93840
|t 0
|
| 999 |
|
|
|a MARS
|
| 999 |
f |
f |
|i 816963a5-f75e-339d-a9b4-80f878b6e1e5
|s 85a7c07c-858a-3289-816d-d2ba8831d5a5
|t 0
|
| 952 |
f |
f |
|a Texas A&M University
|b College Station
|c Electronic Resources
|d Available Online
|t 0
|e Y 4.G 74/9:S.HRG.110-309
|h Superintendent of Documents classification
|
| 998 |
f |
f |
|a Y 4.G 74/9:S.HRG.110-309
|t 0
|l Available Online
|